000
00281nam a2200109Ia 4500
008
190919s9999||||xx |||||||||||||| ||und||
100
_a
N Papamichael
245
0
_a
Computational Methods and Function Theory 1997
260
_a
London
_b
Addison
_c
2000
300
_a
955
942
_c
BK
999
_c
10335
_d
10335